MARC details
| 000 -CABECERA |
| campo de control de longitud fija |
02975nam a2200457 a 4500 |
| 003 - IDENTIFICADOR DEL NÚMERO DE CONTROL |
| campo de control |
CHAP |
| 005 - FECHA Y HORA DE LA ÚLTIMA TRANSACCIÓN |
| campo de control |
20250128090603.0 |
| 007 - CAMPO FIJO DE DESCRIPCIÓN FÍSICA--INFORMACIÓN GENERAL |
| campo de control de longitud fija |
cr ||||||a|c|a |
| 008 - DATOS DE LONGITUD FIJA--INFORMACIÓN GENERAL |
| campo de control de longitud fija |
110119s2010 mx r 00010 spa d |
| 035 ## - NÚMERO DE CONTROL DEL SISTEMA |
| Número de control de sistema |
111946 |
| 040 ## - FUENTE DE LA CATALOGACIÓN |
| Centro/agencia transcriptor |
CHAP |
| 090 ## - LOCALMENTE ASIGNADO TIPO-LC NÚMERO DE CLASIFICACIÓN (OCLC); NÚMERO DE CLASIFICACIÓN LOCAL (RLIN) |
| Número de clasificación (OCLC) (R) ; Numero de clasificación, CALL (RLIN) (NR) |
Tesis |
| 100 1# - ENTRADA PRINCIPAL--NOMBRE DE PERSONA |
| Nombre de persona |
Perdomo Villanueva, Homero |
| 9 (RLIN) |
87084 |
| 245 10 - MENCIÓN DE TÍTULO |
| Título |
Pobreza |
| Resto del título |
medición de incidencia, brecha y severidad en el Estado de Morelos vía ingresos, 2008 |
| Mención de responsabilidad, etc. |
/por Homero Perdomo Villanueva; director de tesis Celina Escajeda Arce. |
| 264 #1 - PRODUCCIÓN, PUBLICACIÓN, DISTRIBUCIÓN, FABRICACIÓN Y COPYRIGHT |
| Producción, publicación, distribución, fabricación y copyright |
Chapingo, Méx. : |
| Nombre del de productor, editor, distribuidor, fabricante |
El autor, |
| Fecha de producción, publicación, distribución, fabricación o copyright |
2010. |
| 300 ## - DESCRIPCIÓN FÍSICA |
| Extensión |
1 recurso en línea (127 páginas): |
| Otras características físicas |
gráficas, cuadros. |
| 336 ## - TIPO DE CONTENIDO |
| Fuente |
rdacontent |
| Término de tipo de contenido |
texto |
| Código de tipo de contenido |
txt |
| 337 ## - TIPO DE MEDIO |
| Fuente |
rdamedia |
| Nombre/término del tipo de medio |
computadora |
| Código del tipo de medio |
c |
| 338 ## - TIPO DE SOPORTE |
| Fuente |
rdacarrier |
| Nombre/término del tipo de soporte |
recurso en línea |
| Código del tipo de soporte |
cr |
| 502 ## - NOTA DE TESIS |
| Tipo de título |
Licenciado en Economía Agrícola |
| Nombre de la institución que otorga el título |
División de Ciencias Económico Administrativas, |
| Año de obtención del título |
2010. |
| Información miscelánea |
Licenciatura |
| 520 ## - SUMARIO, ETC. |
| Sumario, etc. |
En los últimos años, la medición de la pobreza se ha vuelto un tema muy recurrente y relevante para la mayoría de los países, dado que los esfuerzos por combatirla tienen alta prioridad entre los objetivos de la política económica y social. El método más adecuado de medición es el de la línea de pobreza, la principal ventaja de este método consiste en su simplicidad para la identificación de los pobres así como la posibilidad de cuantificar la extensión de la pobreza y hacer comparaciones en el tiempo. Bajo este método se realizo la medición, comparación y descomposición de la pobreza para la familia de índices FGT en el estado de Morelos y el resto del País utilizando la base de datos del MCS 20081 mediante la metodología del CONEVAL para la medición de la pobreza por ingresos, donde se definen tres líneas de pobreza: alimentaria, capacidades y patrimonio. La aplicación de políticas económicas y sociales debe ser segmentada para la erradicación de la pobreza siendo los grupos de hogares urbanos con jefe mujer, hogares rurales con jefe hombre, hogares urbanos y rurales agrícolas, hogares urbanos y rurales indígenas, hogares urbano y rurales migrantes los que deberían recibir mayor atención por tener mayor nivel de severidad en la pobreza. |
| 650 14 - PUNTO DE ACCESO ADICIONAL DE MATERIA--TÉRMINO DE MATERIA |
| Término de materia o nombre geográfico como elemento de entrada |
Desarrollo de la comunidad rural |
| Subdivisión general |
Morelos. |
| 9 (RLIN) |
32016 |
| 650 14 - PUNTO DE ACCESO ADICIONAL DE MATERIA--TÉRMINO DE MATERIA |
| Término de materia o nombre geográfico como elemento de entrada |
Ingresos |
| Subdivisión general |
Morelos. |
| 9 (RLIN) |
58400 |
| 650 14 - PUNTO DE ACCESO ADICIONAL DE MATERIA--TÉRMINO DE MATERIA |
| Término de materia o nombre geográfico como elemento de entrada |
Población |
| Subdivisión geográfica |
Morelos. |
| 9 (RLIN) |
89429 |
| 650 14 - PUNTO DE ACCESO ADICIONAL DE MATERIA--TÉRMINO DE MATERIA |
| Término de materia o nombre geográfico como elemento de entrada |
Pobreza. |
| 9 (RLIN) |
89463 |
| 700 1# - PUNTO DE ACCESO ADICIONAL--NOMBRE DE PERSONA |
| Nombre de persona |
Escajeda Arce, Celina |
| 9 (RLIN) |
37380 |
| Término indicativo de función/relación |
Director de tesis. |
| 856 ## - LOCALIZACIÓN Y ACCESO ELECTRÓNICOS |
| Identificador Uniforme del Recurso |
http://10.13.5.2/tesis/111946.pdf |
| Nota pública |
DESCARGAR PDF |
| 942 ## - ELEMENTOS DE PUNTO DE ACCESO ADICIONAL (KOHA) |
| Tipo de ítem Koha |
Tesis digital |
| Fuente del sistema de clasificación o colocación |
Clasificación Universidad Autónoma Chapingo |
| 590 ## - NOTA LOCAL (RLIN) |
| Nota local |
ALEPH |
| Procedencia (VM) [OBSOLETO] |
10 |
| Condición del los carretes individuales (VM) [OBSOLETO] |
20130110 |
| 590 ## - NOTA LOCAL (RLIN) |
| Nota local |
BATCH-UPD |
| Procedencia (VM) [OBSOLETO] |
10 |
| Condición del los carretes individuales (VM) [OBSOLETO] |
20130110 |
| 590 ## - NOTA LOCAL (RLIN) |
| Nota local |
BATCH-UPD |
| Procedencia (VM) [OBSOLETO] |
10 |
| Condición del los carretes individuales (VM) [OBSOLETO] |
20130410 |
| 590 ## - NOTA LOCAL (RLIN) |
| Nota local |
BATCH-UPD |
| Procedencia (VM) [OBSOLETO] |
10 |
| Condición del los carretes individuales (VM) [OBSOLETO] |
20130914 |
| 590 ## - NOTA LOCAL (RLIN) |
| Nota local |
BATCH-UPD |
| Procedencia (VM) [OBSOLETO] |
10 |
| Condición del los carretes individuales (VM) [OBSOLETO] |
20140324 |
| 590 ## - NOTA LOCAL (RLIN) |
| Nota local |
BATCH-UPD |
| Procedencia (VM) [OBSOLETO] |
10 |
| Condición del los carretes individuales (VM) [OBSOLETO] |
20141002 |
| 590 ## - NOTA LOCAL (RLIN) |
| Nota local |
CONVERSION |
| Procedencia (VM) [OBSOLETO] |
10 |
| Condición del los carretes individuales (VM) [OBSOLETO] |
20130109 |
| 901 ## - ELEMENTOS DE DATOS A LOCAL LDA (RLIN) |
| a |
BK |
| 949 ## - PROCESAMIENTO DE INFORMACIÓN LOCAL (OCLC) |
| a |
Tesis |
| b |
BC |
| c |
TES |
| d |
33724002228132 |
| e |
TS2 |
| f |
c.2 |
| g |
DonaciØn |
| h |
51769 |
| i |
111946 |
| s |
b |
| 949 ## - PROCESAMIENTO DE INFORMACIÓN LOCAL (OCLC) |
| a |
Tesis |
| b |
BC |
| c |
TES |
| d |
33724002228173 |
| e |
TS1 |
| g |
DonaciØn |
| h |
51768 |
| i |
111946 |
| s |
b |